| 000 | 00458cam a2200181ua 4500 | ||
|---|---|---|---|
| 020 | _c10.00 | ||
| 041 |
_ahin _h |
||
| 082 |
_a891.54 _bANA/RA |
||
| 100 | _aAnand Prakash, Dikshit . | ||
| 245 |
_aRas-sidhanth: Svaroop-Vishleshan / _cAnand Prakash Dikshit. _hTextual Documents |
||
| 250 |
_a1 / _b. |
||
| 260 |
_aDelhi : _bRajkamal Prakash , _c1960. |
||
| 300 | _a452 ; . | ||
| 365 | _a10.00 | ||
| 504 | _a | ||
| 942 | _cBK | ||
| 999 |
_c8232 _d8232 |
||